Tarjamah Sunan Abi Daud / (Record no. 877)

000 -LEADER
fixed length control field nam a22 a 4500
003 - CONTROL NUMBER IDENTIFIER
control field AKMAL
005 - DATE AND TIME OF LATEST TRANSACTION
control field 20170505161938.0
008 - FIXED-LENGTH DATA ELEMENTS--GENERAL INFORMATION
fixed length control field 170505s1993 my 00 may d
020 ## - INTERNATIONAL STANDARD BOOK NUMBER
International Standard Book Number 9838850659 (jil. 5):
Terms of availability RM 20.00 satu jil.
020 ## - INTERNATIONAL STANDARD BOOK NUMBER
International Standard Book Number 9838850649 (jil. 4):
Terms of availability RM 20.00 satu jil.
020 ## - INTERNATIONAL STANDARD BOOK NUMBER
International Standard Book Number 9838850446 (jil. 3):
Terms of availability RM 20.00 satu jil.
020 ## - INTERNATIONAL STANDARD BOOK NUMBER
International Standard Book Number 9838850217 (jil. 2):
Terms of availability RM 20.00 satu jil.
020 ## - INTERNATIONAL STANDARD BOOK NUMBER
International Standard Book Number 9838850217 (jil. 1):
Terms of availability RM 20.00 satu jil.
040 ## - CATALOGING SOURCE
Original cataloging agency AKMAL
082 04 - DEWEY DECIMAL CLASSIFICATION NUMBER
Classification number 297.12425 ABI
090 00 - LOCALLY ASSIGNED LC-TYPE CALL NUMBER (OCLC); LOCAL CALL NUMBER (RLIN)
Classification number (OCLC) (R) ; Classification number, CALL (RLIN) (NR) 297.12425
Local cutter number (OCLC) ; Book number/undivided call number, CALL (RLIN) ABI
245 00 - TITLE STATEMENT
Title Tarjamah Sunan Abi Daud /
Statement of responsibility, etc. terjemahan oleh H. Bey Arifin, A. Syinqithy Djamaluddin
260 ## - PUBLICATION, DISTRIBUTION, ETC.
Place of publication, distribution, etc. Kuala Lumpur :
Name of publisher, distributor, etc. Victory Agencie,
Date of publication, distribution, etc. 1993
300 00 - PHYSICAL DESCRIPTION
Extent 5 jil. ;
Dimensions 21cm
500 ## - GENERAL NOTE
General note Mengandungi ayat-ayat dari Quran
599 ## - LOCAL NOTE
Local Note DALAM PROSES
650 #0 - SUBJECT ADDED ENTRY--TOPICAL TERM
Topical term or geographic name entry element Hadith
General subdivision Criticism, interpretation, etc.
9 (RLIN) 1782
700 0# - ADDED ENTRY--PERSONAL NAME
Personal name Arifin, Bey,
Dates associated with a name 1917-1995
9 (RLIN) 1876
700 0# - ADDED ENTRY--PERSONAL NAME
Personal name A. Syinqithy Djamaluddin
9 (RLIN) 1877
942 ## - ADDED ENTRY ELEMENTS (KOHA)
Source of classification or shelving scheme
Koha item type Book
Holdings
Withdrawn status Lost status Source of classification or shelving scheme Damaged status Not for loan Collection code Home library Current library Shelving location Date acquired Inventory number Total Checkouts Full call number Barcode Date last seen Price effective from Koha item type
          NON-FICTION AKMAL Melaka AKMAL Melaka PINJAMAN 05.05.2017 000440   297.12425 ABI 201701887 05.05.2017 05.05.2017 Book
          NON-FICTION AKMAL Melaka AKMAL Melaka PINJAMAN 05.05.2017 00491   297.12425 ABI 201701890 05.05.2017 05.05.2017 Book
          NON-FICTION AKMAL Melaka AKMAL Melaka PINJAMAN 05.05.2017 00492   297.12425 ABI 201701889 05.05.2017 05.05.2017 Book
          NON-FICTION AKMAL Melaka AKMAL Melaka PINJAMAN 05.05.2017 00493   297.12425 ABI 201701891 05.05.2017 05.05.2017 Book
          NON-FICTION AKMAL Melaka AKMAL Melaka PINJAMAN 05.05.2017 00451   297.12425 ABI 201701895 05.05.2017 05.05.2017 Book
Pusat Sumber Maklumat Dato' Haji Sarmin Md Hussin, Akademi Kastam Diraja Malaysia, Melaka
Tel: 06-2331106 | Faks: 06-2313787